Normal view MARC view
  • Gopi Satheesh

Entry Personal Name

Number of records used in: 1

001 - CONTROL NUMBER

  • control field: 3422

003 - CONTROL NUMBER IDENTIFIER

  • control field: OSt

005 - DATE AND TIME OF LATEST TRANSACTION

  • control field: 20160701154911.0

008 - FIXED-LENGTH DATA ELEMENTS

  • fixed length control field: 160701|| aca||aabn | a|a d

040 ## - CATALOGING SOURCE

  • Original cataloging agency: OSt
  • Transcribing agency: OSt

100 ## - HEADING--PERSONAL NAME

  • Personal name: Gopi Satheesh

670 ## - SOURCE DATA FOUND

  • Source citation: Work cat.: (OSt): Gopi Satheesh, Basic Civil engineering, 2016